| 000 | 00947cpcaa2200253 4500 | ||
|---|---|---|---|
| 001 | mm 79003474 | ||
| 003 | DLC | ||
| 005 | 20260227111643.0 | ||
| 008 | 790209|||||||||||| eng | ||
| 010 | _amm 79003474 | ||
| 040 |
_aDLC _cDLC _edacs _dDLC |
||
| 072 | 7 |
_aL _2lcmd |
|
| 100 | 1 |
_aByron, George Gordon Byron, _cBaron, _d1788-1824. |
|
| 245 | 0 | 0 |
_aGeorge Gordon Byron, Baron Byron papers, _f1812-1819. |
| 300 |
_a5 _fitems. |
||
| 506 | 0 | _aOpen to research. | |
| 533 |
_aIn part, positive photocopies, handwritten transcript, and facsimile. _b[S.l.]. |
||
| 545 | 0 | _aBritish poet. | |
| 546 | _aCollection material in English. | ||
| 580 | _aForms part of: Miscellaneous Manuscripts collection. | ||
| 656 | 7 |
_aPoets. _2itoamc |
|
| 999 |
_c41341 _d41341 |
||